World Capitals Closest to Seoul - Statistics

General Stats
  • This quiz has been taken 38 times
  • The average score is 17 of 22
Answer Stats
Kilometers Capital Cities Miles % Correct
956 Beijing 594
100%
195 Pyongyang 121
100%
1156 Tokyo 718
100%
3724 Bangkok 2314
93%
1491 Taipei 953
93%
2742 Hanoi 1704
89%
2624 Manila 1631
89%
1993 Ulaanbaatar 1239
89%
4019 Kathmandu 2497
85%
4687 New Delhi 2912
81%
3634 Phnom Penh 2257
81%
4678 Singapore 2907
81%
3223 Vientiane 2003
81%
4613 Kuala Lumpur 2866
78%
3653 Thimphu 2270
74%
4826 Islamabad 2999
70%
3793 Dhaka 2357
67%
3574 Naypyidaw 2221
63%
3836 Bandar Seri Begawan 2384
59%
4418 Bishkek 2745
56%
3432 Ngerulmud 2133
37%
4635 Palikir 2880
33%
No matching quizzes found
Score Distribution
Percent of People with Each Score
Percentile by Number Answered
Your Score History
You have not taken this quiz